Statistics for Five Highest Grossing Movies of 2017 by Country

Click here to take the quiz!

General Stats

  • This quiz has been taken 26 times
  • The average score is 5 of 23

Answer Stats

Country Gross Movie % Correct
U.S. & Canada, United Kingdom$620m, £81.4mStar Wars: The Last Jedi
50%
U.S. & Canada$413mWonder Woman
50%
South Korea₩59.1bSpider-Man: Homecoming
50%
Mexico1,097m PesoCoco
38%
U.S. & Canada$390mGuardians of the Galaxy Vol. 2
38%
U.S. & Canada, United Kingdom, Japan, Mexico$504m, £72.4m, ¥12.40b, 566m PesoBeauty and the Beast
33%
United Kingdom£56.7mDunkirk
29%
Japan¥6.71bPirates of the Caribbean: Dead Men Tell No Tales
29%
China, Mexico¥2.67b, 674m PesoFate of the Furious
29%
United Kingdom, Japan, Mexico£47.9m, ¥7.31b, 623m PesoDespicable Me 3
25%
China¥5.68bWolf Warriors 2
21%
U.S. & Canada$399mJumanji: Welcome to the Jungle
21%
Mexico492m PesoIT
17%
United Kingdom£41.4mPaddington 2
8%
Japan¥7.34bFantastic Beasts and Where to Find Them
8%
South Korea₩68.4bAlong with the Gods: The Two Worlds
4%
China¥2.21bNever Say Die
4%
China¥1.75bKung Fu Yoga
4%
Japan¥6.89bDetective Conan: Crimson Love Letter
4%
South Korea₩95.9bA Taxi Driver
4%
South Korea₩56.3bThe Outlaws
0%
South Korea₩63.8bConfidential Assignment
0%
China¥1.94bThe Ex-File: The Return of the Exes
0%

Score Distribution

Percentile by Number Answered

Percent of People with Each Score

Your Score History

You have not taken this quiz